000 00462nam a22001697a 4500
005 20251108164741.0
008 250721s1966 xx 000 0 ara d
082 1 4 _a811.9562/حسن
100 1 _aصادق، حسن
245 1 0 _aسفينة الحق :
_bديوان /
264 1 _aبيروت :
_bدار مكتبة الحياة،
_c1966.
300 _a164ص
650 1 7 _aالشعر العربي
650 1 7 _aلبنان
942 _2ddc
_cBK
999 _c13465
_d13465